LEADER 01252nam a2200313 i 4500 001 991001895559707536 008 051002s2005 it a 000 0 ita d 020 $a885032250X 035 $ab13444256-39ule_inst 040 $aDip. SSC$bita 082 14$a343 100 1 $aLessig, Lawrence$0148044 245 10$aCultura libera :$bun equilibrio fra anarchia e controllo, contro l'estremismo della proprietà intellettuale /$cLawrence Lessig 260 $aMilano :$bApogeo,$c2005 300 $aXII, 302 p. :$bill. ;$c21 cm 440 0$aApogeo saggi 500 $aTit. orig.: Free culture 500 $aTrad. di Bernardo Parrella. 500 $aTratto dall'articolo The coming of copyright perpetuity. 504 $aCont. riferimenti bibl. 650 4$aDiritti d'autore 650 4$aLibertà d'espressione 907 $a.b13444256$b02-04-14$c17-10-06 912 $a991001895559707536 945 $aLE005 302 LES01. 01$g1$i2005000182396$lle005$o-$pE15.00$q-$rl$s- $t0$u3$v0$w3$x0$y.i14429263$z20-04-07 945 $aLE021 SOC25A170$g1$i2021000115165$lle021$nLongo$o-$pE0.00$q-$rl$s- $t0$u3$v0$w3$x0$y.i14310168$z02-11-06 996 $aCultura libera$91001529 997 $aUNISALENTO 998 $ale005$ale021$b17-10-06$cm$da $e-$fita$git $h0$i2